000 00578nam a2200193Ia 4500
008 120918t2008 xxu||||| |||| 00| 0 eng d
041 _aeng
080 _a8-31 929 (eng)
_bARI
100 _aArias,Juan
245 _aපවුලෝ කොයියෝ
246 _aPawlo Koyyo
260 _aPlatform For Alternate Culture
_aNugegoda
_c2008
300 _b192p, 18 cm
500 _aSinhalese Translation of J.Arias's of Paulo Coelho Confessions Of A Rilgrim
700 _aRahubadda,Sumithra
_etr.
942 _cBK
999 _c41697
_d41697
003 LK-CoDNM
040 _aLK-CoDNM
_dLK-CoDNM
_eLK-CoDNM